Football players starting with the letter M - Statistics

General Stats
  • This quiz has been taken 82 times
  • The average score is 12 of 16
Answer Stats
Picture Answer % Correct
Kylian Mbappé
99%
Lionel Messi
97%
Luka Modric
97%
Sadio Mané
97%
Paolo Maldini
92%
Riyad Mahrez
91%
Mario Mandžukić
80%
Dries Mertens
78%
Marquinhos
72%
Scott McTominay
69%
Henrikh Mkhitaryan
66%
Simon Mignolet
64%
Thomas Meunier
64%
Claude Makélélé
62%
Illan Meslier
55%
Noussair Mazraoui
54%
No matching quizzes found
Score Distribution
Percent of People with Each Score
Percentile by Number Answered
Your Score History
You have not taken this quiz